| 000 | 00880nam a2200265Ia 4500 | ||
|---|---|---|---|
| 003 | OSt | ||
| 005 | 20220923223850.0 | ||
| 006 | a|||||r|||| 00| 0 | ||
| 007 | ta | ||
| 008 | 220922b |||||||| |||| 00| 0 hin d | ||
| 024 | _a222,566 | ||
| 037 | _cTextual | ||
| 040 |
_aARTS _cARTS _bhin |
||
| 041 |
_2hin _ahin |
||
| 082 | _a/\2:864.2, 152P1 | ||
| 100 | _aशास्त्री, नेमिचन्द्र | ||
| 245 | 0 | _aभारतीय ज्योतिष | |
| 246 | _aBhāratīya jyotiṣha | ||
| 250 | _a39 | ||
| 260 |
_aनयी दिल्ली _b भारतीय ज्ञानपीठ _c2004 |
||
| 300 |
_a446पृ. _ccm. |
||
| 490 | _aलोकोदय ग्रन्थमाला; 18 | ||
| 942 |
_h/\2:864.2, 152P1 _cTEXL _2CC |
||
| 999 |
_c367855 _d367855 |
||